Central Library OPAC University of Rajshahi

An introduction to crystal chemistry / (Record no. 73703)

MARC details
000 -LEADER
fixed length control field 00781nam a2200241 a 4500
001 - CONTROL NUMBER
control field 73703
003 - CONTROL NUMBER IDENTIFIER
rucl marc code BD-RjUL
005 - DATE AND TIME OF LATEST TRANSACTION
control field 20211209082432.0
008 - FIXED-LENGTH DATA ELEMENTS--GENERAL INFORMATION
fixed length control field 170607r19521939enka b 001 0 eng d
035 ## - SYSTEM CONTROL NUMBER
System control number (BD-RjUL)73921
040 ## - CATALOGING SOURCE
Original cataloging agency DLC
Transcribing agency MSC
Modifying agency OCL
-- SER
-- EQO
-- BD-RjUL
Language of cataloging eng
041 ## - LANGUAGE CODE
Language code of text/sound track or separate title eng
082 ## - DEWEY DECIMAL CLASSIFICATION NUMBER
Classification number 548.3
Edition number 23
Author mark and year EVI 1952
100 1# - MAIN ENTRY--PERSONAL NAME
Personal name Evans, Robert Crispin.
9 (RLIN) 218165
245 13 - TITLE STATEMENT
Title An introduction to crystal chemistry /
Statement of responsibility, etc. R.C. Evans.
260 ## - PUBLICATION, DISTRIBUTION, ETC. (IMPRINT)
Place of publication, distribution, etc. Cambridge :
Name of publisher, distributor, etc. The University Press,
Date of publication, distribution, etc. c1939 [Reprinted 1952]
300 ## - PHYSICAL DESCRIPTION
Pagination xi, 388 p. :
Illustrations ill. ;
Size 23 cm.
500 ## - GENERAL NOTE
General note Includes index.
504 ## - BIBLIOGRAPHY, ETC. NOTE
Bibliography, etc Bibliography: p. [367]-369; "References": p. [370]-381.
650 #0 - SUBJECT ADDED ENTRY--TOPICAL TERM
Topical term or geographic name as entry element Crystallography.
9 (RLIN) 218166
Topical term or geographic name as entry element Chemistry, Physical and theoretical.
9 (RLIN) 218167
942 ## - ADDED ENTRY ELEMENTS (KOHA)
Source of classification or shelving scheme Dewey Decimal Classification
Koha item type Books
Holdings
Lost status Source of classification or shelving scheme Damaged status Not for loan Collection code Permanent Location Current Location Shelving location Date acquired Source of acquisition Total Checkouts Full call number Date last seen Copy number Koha item type
  Dewey Decimal Classification   Not For Loan Non-fiction Central Library, University of Rajshahi Central Library, University of Rajshahi Reading Room 29/11/1958 Colombo Plan   548.3 EVI 1952 07/06/2017 C-1 Books